UGC CSIR NET for JRF/lectureship: physical sciences. (Record no. 162436)
[ view plain ]
| 000 -LEADER | |
|---|---|
| fixed length control field | 00593nam a2200205Ia 4500 |
| 003 - CONTROL NUMBER IDENTIFIER | |
| control field | OSt |
| 005 - DATE AND TIME OF LATEST TRANSACTION | |
| control field | 20230622120358.0 |
| 008 - FIXED-LENGTH DATA ELEMENTS--GENERAL INFORMATION | |
| fixed length control field | 210423s2014 xx 000 0 und d |
| 020 ## - INTERNATIONAL STANDARD BOOK NUMBER | |
| International Standard Book Number | 9788189301057 |
| 040 ## - CATALOGING SOURCE | |
| Transcribing agency | AL |
| 041 ## - LANGUAGE CODE | |
| Language code of text/sound track or separate title | eng |
| 082 ## - DEWEY DECIMAL CLASSIFICATION NUMBER | |
| Classification number | 530.02 KUSS |
| Edition number | 23 |
| 100 ## - MAIN ENTRY--PERSONAL NAME | |
| Personal name | KUSHWAHA (Sunil);SINGH (M N). |
| 9 (RLIN) | 99837 |
| 245 ## - TITLE STATEMENT | |
| Title | UGC CSIR NET for JRF/lectureship: physical sciences. |
| 260 ## - PUBLICATION, DISTRIBUTION, ETC. | |
| Place of publication, distribution, etc. | New Delhi |
| Name of publisher, distributor, etc. | Danika publishing company |
| Date of publication, distribution, etc. | 2014 |
| 300 ## - PHYSICAL DESCRIPTION | |
| Extent | viii,503,60 |
| Other physical details | PB |
| 365 ## - TRADE PRICE | |
| Price amount | 550 |
| Currency code | INR |
| 906 ## - LOCAL DATA ELEMENT F, LDF (RLIN) | |
| a | CSIR ; JRF/lectureship: ; NET ; physical ; sciences. ; UGC |
| 942 ## - ADDED ENTRY ELEMENTS (KOHA) | |
| Source of classification or shelving scheme | Dewey Decimal Classification |
| Koha item type | Book |
| Withdrawn status | Lost status | Damaged status | Not for loan | Collection code | Home library | Current library | Date acquired | Source of acquisition | Cost, normal purchase price | Total Checkouts | Full call number | Barcode | Date last seen | Date last checked out | Price effective from | Koha item type |
|---|---|---|---|---|---|---|---|---|---|---|---|---|---|---|---|---|
| Physics | St Aloysius PG Library | St Aloysius PG Library | 07/17/2013 | Athulya Books | 550.00 | 2 | 530.02 KUSS | PG008929 | 10/18/2022 | 09/30/2022 | 04/26/2021 | Book | ||||
| Physics | St Aloysius PG Library | St Aloysius PG Library | 07/18/2013 | Higginbothams Pvt Ltd | 550.00 | 1 | 530.02 KUSS | PG008930 | 06/09/2023 | 10/21/2021 | 04/26/2021 | Book |